00784cam a2200229 a 450000100100000000500170001000800410002704000300006808200160009824501060011426000540022030000210027449000130029550500640030865000420037270000240041470000220043870000290046070000200048970000320050983000130054100002017420200929170311.0880527s1987 cu 000 p spa d aDO-SdBNPbspacDLCdBNPHU a861.6bT79600aTres poetas centroamericanos /cedición ; Dominica Diez, selección de Raúl Hernández Novás. aLa Habana, Cuba :bCasa de las Américas,c1987. a254 p. ;c20 cm.1 aLa Honda0 aJoaquín Pasos -- Otto-Raúl González -- Jorge Debravo. 4aAmérica centralxPoesíaySIGLO XX1 aDiez, Dominicaeed.1 aPasos, Joaquín.1 aGonzález, Otto Raúl.1 aDebravo, Jorge,1 aHernández Novás, Raúl 3aLa Honda